000 00682nam a22002297a 4500
008 240702b mp ||||| |||| 00| 0 mon d
020 _a978-9919-26-52-17
035 _a27532
040 _aZA2481090
_bmon
_cMN-UlNLM
_dMN-UlNLM
_erda
041 _amon
042 _a59008
084 _2NNA
_a22.1
_bН-347
100 _aНацагням Б., Эрдэнэбулган У.
245 0 _aМатематик 800
264 _aУлаанбаатар
_bАлмаз пресс ХХК
_c2022
300 _a362х.
336 _2rdacontent
_atext
_btxt
337 _2rdamedia
_aunmediated
_bn
338 _2rdacarrier
_avolume
_bnc
942 _2NNA
_cBK
999 _c1095200
_d1095257